| 000 | 00842nam a2200217Ia 4500 | ||
|---|---|---|---|
| 003 | GCL | ||
| 008 | 140319s9999 xx 000 0 ara d | ||
| 020 | _a6706189960 | ||
| 040 |
_aGCL / _cGCL |
||
| 082 | 0 | 4 |
_a953 _bع ح |
| 100 | 1 | _aعبدالرحمن بن سليمان المزيني | |
| 245 | 1 | 0 |
_aالحياة العلمية فى القرنين السابع والثامن الهجريين / _cعبدالرحمن بن سليمان المزيني |
| 700 | 1 | _aاحمد بن محمد الخراط | |
| 260 |
_aالرياض : _bنادى المدينة المنورة الادبى ، _c2003 |
||
| 300 |
_a404 ص ؛ _c25 سم |
||
| 650 | 0 | 4 | _aالمساجد |
| 650 | 0 | 4 | _aالمسجد الحرام |
| 650 | 0 | 4 | _aالمكتبات المدرسية |
| 650 | 0 | 4 | _aالمدارس - تاريخ - العالم العربى |
| 942 |
_2ddc _cBK |
||
| 999 |
_c58317 _d58317 |
||